000 00564nam a2200229Ia 4500
003 OSt
005 20220924150450.0
006 a|||||r|||| 00| 0
007 ta
008 220923b |||||||| |||| 00| 0 tel d
024 _a333243
037 _cTextual
040 _aARTS
_cARTS
_btel
041 _2tel
_atel
082 _aO35,1N14,2, J8
100 _aSastri Papayya
_9222192
245 0 _aVijayasuri
260 _c1958
650 _aTELUGU POETRY
942 _hO35,1N14,2, J8
_cTEXL
_2CC
999 _c463441
_d463441